| 000 | 01442nam2a22002531 4500 | ||
|---|---|---|---|
| 001 | rc\4623031 | ||
| 005 | 20250612133450.0 | ||
| 021 |
_aRU _b[70-9578] |
||
| 035 | _a(NLR Aleph) 008675447 | ||
| 090 |
_a9146000 _c9146000 |
||
| 100 | _a20130416d1969 |||y0rusy50 ca | ||
| 101 | 0 | _arus | |
| 102 | _aRU | ||
| 105 | _aa z ||||| | ||
| 200 | 1 |
_aДиагностические электронные аппараты _fМ-во здравоохранения СССР. Всесоюз. объединение "Союзмедтехника" |
|
| 210 |
_d1969 _aБ. м. |
||
| 215 |
_a188 с., 4 отд. л. схем. _cчерт. |
||
| 461 | 0 |
_1001rc\4623029 _12001#$aСборник технической документации для ремонта изделий медицинской техники$eЧ. 1-$fМ-во здравоохранения СССР. ВО "Союзмедтехника"$vЧ. 3 _99145987 _cМосква _d1968- _fМ-во здравоохранения СССР. ВО "Союзмедтехника" _nМедицина _oЧ. 1- _tСборник технической документации для ремонта изделий медицинской техники _vЧ. 3 |
|
| 606 |
_aДиагностика машинная _xАппаратура _jТехническая документация (ч. 3) _2psbo |
||
| 801 | 0 |
_aRU _bNLR _gpsbo |
|
| 801 | 1 |
_aRU _bELAR _2rusmarc |
|
| 852 |
_aNLR _j68-7/1291 |
||
| 942 | _cBOOK | ||
| 980 | _aNB | ||